| 000 | 01048nam a2200289 a 4500 | ||
|---|---|---|---|
| 001 | 012909143 | ||
| 003 | Uk | ||
| 005 | 20131021173304.0 | ||
| 008 | 040504s1999 vaua b 001 0 eng | ||
| 010 | _a996162 | ||
| 020 | _a0131195026 | ||
| 020 | _a9780131195028 | ||
| 082 | 0 | 4 |
_a371.394 _222 _bTOM |
| 100 | 1 |
_aTomlinson, Carol A. _933714 |
|
| 245 | 1 | 4 |
_aThe differentiated classroom : _bresponding to the needs of all learners / _cCarol Ann Tomlinson. |
| 260 |
_aUpper Saddle River, NJ : _bPearson/Merrill Prentice Hall, _c2005 |
||
| 300 |
_avi, 132 p. : _bill ; _c26 cm. |
||
| 490 |
_934136 _aMerrill Education/ASCD College Textbook Series |
||
| 504 | _aIncludes bibliographical references and index. | ||
| 650 | 0 |
_aIndividualized instruction. _934133 |
|
| 650 | 0 |
_aCognitive styles in children. _934134 |
|
| 650 | 0 |
_aMixed ability grouping in education. _934130 |
|
| 653 |
_bENG _cOctober2013 |
||
| 710 | 2 |
_aAssociation for Supervision and Curriculum Development. _934135 |
|
| 942 |
_2ddc _cBB |
||
| 999 |
_c17659 _d17631 |
||